| 000 | 003110000a22001090004500 | ||
|---|---|---|---|
| 090 |
_aAS _bSeriadas |
||
| 245 | 1 | 0 | _aNueva Mirtacea frutal de la costa del Pacífico |
| 041 | 0 | _aEspañol | |
| 100 | 1 |
_aCuatrecasas, José _911935 |
|
| 942 | _cARTICULO | ||
| 773 | 1 |
_tMutisia: Acta Botánica Colombiana _3893 _h32 _q7-8 _d1970 |
|
| 999 |
_c15241 _d15241 |
||